| 000 | 01337nab a2200229 i 4500 | ||
|---|---|---|---|
| 001 | 768714001 | ||
| 003 | CO-MdFUSB | ||
| 005 | 20240516171130.0 | ||
| 008 | 240516t1972 sp ||||| |||| 00| 0 spa d | ||
| 040 |
_bspa _cCO-MdFUSB _dCO-MdFUSB |
||
| 041 | _aspa | ||
| 100 |
_aMcCready, William, _eautor |
||
| 245 | 1 | 4 |
_aLos pentecostales : _banálisis sociológico _c/ William McCready ; traducido por Jesús Valiente Malla |
| 520 | _aEl movimiento pentecostal se inició en los Estados Unidos, durante la primavera de 1967, en determinados círculos de la Universidad Duquesne de Pennsylvania. Se difundió rápidamente a través de contactos personales en la Universidad de Notre Dame y en la Universidad del Estado de Michigan, en Ann Arbor. Desde que se inició este movimiento ha conseguido adeptos en otros muchos lugares; se estima que actualmente lo integran unas 12.000 personas, distribuidas en 250 grupos aproximadamente. | ||
| 650 | 2 |
_aSacramentos (Liturgia) _91174 |
|
| 650 | 7 |
_aLiturgia _9206 |
|
| 650 | 0 |
_aPentecostalismo _9142 |
|
| 700 |
_aValiente Malla, Jesús, _etraductor |
||
| 773 | 0 |
_049450 _982640 _oR2562 _tRevista internacional de teología Concilium _w(CO-MdFUSB)8 _x0210-1041 _gNúmero 72, (febrero, 1972), páginas: 256 - 259 _qpágina: 256 |
|
| 942 | _cANA | ||
| 945 | _aCatherine Arias Alvarez - Practicante SENA | ||
| 999 |
_c69759 _d69759 |
||